منشأت أسرة محمد علي الباقية بمدينة إدفينا : (رقم التسجيلة. 176550)
[ عرض عادي ]
| 000 -LEADER | |
|---|---|
| fixed length control field | 04118namaa22004331i 4500 |
| 003 - CONTROL NUMBER IDENTIFIER | |
| control field | OSt |
| 005 - أخر تعامل مع التسجيلة | |
| control field | 20251217140757.0 |
| 008 - FIXED-LENGTH DATA ELEMENTS--GENERAL INFORMATION | |
| fixed length control field | 250827s2024 ua a|||frm||| 000 0 eng d |
| 040 ## - CATALOGING SOURCE | |
| Original cataloguing agency | EG-GICUC |
| Language of cataloging | ara |
| Transcribing agency | EG-GICUC |
| Modifying agency | EG-GICUC |
| Description conventions | rda |
| 041 0# - LANGUAGE CODE | |
| Language code of text/sound track or separate title | ara |
| Language code of summary or abstract | ara |
| -- | eng |
| 049 ## - Acquisition Source | |
| Acquisition Source | إيداع |
| 082 04 - DEWEY DECIMAL CLASSIFICATION NUMBER | |
| Classification number | 729.19 |
| 092 ## - LOCALLY ASSIGNED DEWEY CALL NUMBER (OCLC) | |
| Classification number | 729.19 |
| Edition number | 21 |
| 097 ## - Degree | |
| Degree | مــــاجستير |
| 099 ## - LOCAL FREE-TEXT CALL NUMBER (OCLC) | |
| Local Call Number | Cai01.14.01.M.Sc.2024.شي.م |
| 100 0# - MAIN ENTRY--PERSONAL NAME | |
| Authority record control number or standard number | ،شيماء حمدي جابر محمد العدوي |
| Preparation | إعداد. |
| 245 10 - TITLE STATEMENT | |
| Title | منشأت أسرة محمد علي الباقية بمدينة إدفينا : |
| Remainder of title | دراسة أثارية فنية و معمارية / |
| Statement of responsibility, etc. | إعداد شيماء حمدي جابر محمد العدوي ؛ إشراف أ.د/ شادية الدسوقي عبد العزيز كشك، أ.م.د/محمود عباس أحمد عبد الرحمن. |
| 246 15 - VARYING FORM OF TITLE | |
| Title proper/short title | Facilities, the family of muhamed ali in the remaining edfina : |
| Remainder of title | Archaeological & artistic and architectural / |
| 264 #0 - PRODUCTION, PUBLICATION, DISTRIBUTION, MANUFACTURE, AND COPYRIGHT NOTICE | |
| Date of production, publication, distribution, manufacture, or copyright notice | 2024. |
| 300 ## - PHYSICAL DESCRIPTION | |
| Extent | 2 مج : |
| Other physical details | مجلدين في مجلد واحد ؛ |
| Dimensions | 30 cm. + |
| Accompanying material | CD. |
| 336 ## - CONTENT TYPE | |
| Content type term | text |
| Source | rda content |
| 337 ## - MEDIA TYPE | |
| Media type term | Unmediated |
| Source | rdamedia |
| 338 ## - CARRIER TYPE | |
| Carrier type term | volume |
| Source | rdacarrier |
| 502 ## - DISSERTATION NOTE | |
| Dissertation note | طروحة (ماجستير)-جامعة القاهرة، 2024. |
| 504 ## - BIBLIOGRAPHY, ETC. NOTE | |
| Bibliography, etc. note | ببليوجرافيا: صفحات 365-387. |
| 520 ## - SUMMARY, ETC. | |
| Summary, etc. | (حظيت قرية إدفينا إحدى تفاتيش الخاصة الملكية بثلاثة منشآت هامة ترجع إلى فترة حكم "أسرة محمد علي" وهي (القصر الملكي بإدفينا)، و(كوبري إدفينا للسكة)، و(قناطر إدفينا وملحقاتها) ، وارتبطت منشآتها بنهر النيل. أشتملت الدراسة على مقدمة وتمهيد وبابين وأختتمت الرسالة بخاتمة تتضمن أهم النتائج، وتحدثت الرسالة عن لإطار الجغرافي والتاريخي لقرية إدفينا وتشمل على دراسة وصفية من خلال الوثائق القديمة والواقع الحالي التي عليه منشآت إدفينا كما جاء بالدراسة التحليلية أثر الموقع على تخطيط المنشآت والظرز المعمارية والوحدات والعناصر المعمارية والنقوش الزخرفية التي ظهرت على المنشأت (موضوع الدراسة) |
| 520 ## - SUMMARY, ETC. | |
| Summary, etc. | The village of Edfina, one of the royal palaces, had three important facilities dating back to the period of the rule of the “Muhamed Ali family,” which are (the Royal Palace of Edfina), (the Edfina Railway Bridge), and (the Edfina Barrage and its annexes), and their facilities were connected to the Nile River The thesis spoke about the geographical and historical framework of the village of Edfina and includes a descriptive study through ancient documents and the current reality in which Edfina’s facilities are based. The analytical study also included the impact of the site on the layout of the facilities, architectural features, units, architectural elements, and decorative inscriptions that appeared on the facilities (the subject of the study). |
| 530 ## - ADDITIONAL PHYSICAL FORM AVAILABLE NOTE | |
| Issues CD | صدر أيضًا كقرص مدمج. |
| 546 ## - LANGUAGE NOTE | |
| Text Language | النص بالعربية والملخص باللغة الإنجليزية والعربية. |
| 650 #7 - SUBJECT ADDED ENTRY--TOPICAL TERM | |
| Topical term or geographic name entry element | النقوش |
| Source of heading or term | qrmak |
| General subdivision | تصميم معمارى |
| 650 #7 - SUBJECT ADDED ENTRY--TOPICAL TERM | |
| Topical term or geographic name entry element | النقوش الاسلامية |
| Source of heading or term | qrmak |
| 653 #0 - INDEX TERM--UNCONTROLLED | |
| Uncontrolled term | تفتيش ملكي |
| -- | إدفينا |
| -- | قصر |
| 700 0# - ADDED ENTRY--PERSONAL NAME | |
| Personal name | شادية الدسوقي عبد العزيز كشك |
| Relator term | مشرف أطروحة. |
| 700 0# - ADDED ENTRY--PERSONAL NAME | |
| Personal name | محمود عباس أحمد عبد الرحمن |
| Relator term | مشرف أطروحة. |
| 900 ## - Thesis Information | |
| Grant date | 01-01-2024 |
| Supervisory body | شادية الدسوقي عبد العزيز كشك |
| -- | محمود عباس أحمد عبد الرحمن |
| Discussion body | محمد حمزة إسماعيل الحداد |
| -- | تفيدة محمد عبد الجواد |
| Universities | جامعة القاهرة |
| Faculties | كلية الآثار |
| Department | قسم الآثار الاسلامية |
| 905 ## - Cataloger and Reviser Names | |
| Cataloger Name | Sara Salah |
| Reviser Names | Afaf |
| 942 ## - ADDED ENTRY ELEMENTS (KOHA) | |
| Source of classification or shelving scheme | Dewey Decimal Classification |
| Koha item type | Thesis |
| Edition | 21 |
| Suppress in OPAC | No |
| Source of classification or shelving scheme | Home library | Current library | Date acquired | Inventory number | Full call number | Barcode | Date last seen | Effective from | Koha item type |
|---|---|---|---|---|---|---|---|---|---|
| Dewey Decimal Classification | المكتبة المركزبة الجديدة - جامعة القاهرة | قاعة الرسائل الجامعية - الدور الاول | 07.12.2025 | 32645 | Cai01.14.01.M.Sc.2024.شي.م | 01010100032645000 | 07.12.2025 | 07.12.2025 | Thesis |